书目信息 |
| 题名: |
中国花生遗传育种学
|
|
| 作者: | 禹山林 主编 | |
| 分册: | ||
| 出版信息: | 上海 上海科学技术出版社 2011.08 |
|
| 页数: | 12,565页 | |
| 开本: | 27cm | |
| 丛书名: | ||
| 单 册: | ||
| 中图分类: | S565.203.2 | |
| 科图分类: | ||
| 主题词: | 花生--遗传育种--中国 , 花生 , 遗传育种 | |
| 电子资源: | ||
| ISBN: | 978-7-5478-0610-4 | |
| 000 | 00851nam0 2200253 45 | |
| 001 | 1355396343 | |
| 005 | 20130513145944.93 | |
| 010 | @a978-7-5478-0610-4@b精装@dCNY86.00 | |
| 100 | @a20130108d2011 em y0chiy50 ea | |
| 101 | 0 | @achi |
| 102 | @aCN@b310000 | |
| 105 | @aafk z 000yy | |
| 106 | @ar | |
| 200 | 1 | @a中国花生遗传育种学@AZhong Guo Hua Sheng Yi Chuan Yu Zhong Xue@f禹山林主编@FYu Shan Lin Zhu Bian |
| 210 | @a上海@c上海科学技术出版社@d2011.08 | |
| 215 | @a12,565页@c图,图版(8页)@d27cm | |
| 330 | @a本书分四篇二十五章,全面系统地介绍了花生遗传育种的理论以及国内外的研究成果,展示了当今花生育种研究的最新进展。 | |
| 606 | 0 | @a花生@x遗传育种@y中国 |
| 606 | 0 | @a花生 |
| 606 | 0 | @a遗传育种 |
| 690 | @aS565.203.2@v5 | |
| 701 | 0 | @a禹山林@AYu Shan Lin@4主编 |
| 801 | @aCN@bTANGWEI@c20130109 | |
| 905 | @b0830956-58@dS565.203.2@e48@f3 | |
| 中国花生遗传育种学/禹山林主编.-上海:上海科学技术出版社,2011.08 |
| 12,565页:图,图版(8页);27cm |
| ISBN 978-7-5478-0610-4(精装):CNY86.00 |
| 本书分四篇二十五章,全面系统地介绍了花生遗传育种的理论以及国内外的研究成果,展示了当今花生育种研究的最新进展。 |
| ● |
| 相关链接 |
|
|
|
|
正题名:中国花生遗传育种学
索取号:S565.203.2/48
 
预约/预借
| 序号 | 登录号 | 条形码 | 馆藏地/架位号 | 状态 | 备注 |
| 1 | 0830956 | 208309560 | 第二样本阅览室/ [索取号:S565.203.2/48] | 在馆 | |
| 2 | 0830957 | 208309579 | 第三借阅区/ [索取号:S565.203.2/48] | 在馆 | |
| 3 | 0830958 | 208309588 | 第三借阅区/ [索取号:S565.203.2/48] | 在馆 |